Абадзехи (Запись № 5254962)

Подробности
000 -МАРКЕР
контрольное поле 01200nam0a22002771 4500
001 - ИДЕНТИФИКАТОР ЗАПИСИ
контрольное поле v19\rc\1742002
005 - ИДЕНТИФИКАТОР ВЕРСИИ
контрольное поле 20250619082715.0
035 ## - ДРУГИЕ СИСТЕМНЫЕ НОМЕРА
Идентификатор записи (NLR Aleph) 004889423
100 ## - ДАННЫЕ ОБЩЕЙ ОБРАБОТКИ
Данные общей обработки 20061204d1902 |||y0rusy50 ca
101 0# - ЯЗЫК РЕСУРСА
Язык текста, звукозаписи и т.д. русский
102 ## - СТРАНА ПУБЛИКАЦИИ ИЛИ ПРОИЗВОДСТВА
Страна публикации Российская Федерация
105 ## - ПОЛЕ КОДИРОВАННЫХ ДАННЫХ: ТЕКСТОВЫЕ МАТЕРИАЛЫ, МОНОГРАФИЧЕСКИЕ
Кодированные данные о монографическом текстовом документе y z |||c|
200 1# - ЗАГЛАВИЕ И СВЕДЕНИЯ ОБ ОТВЕТСТВЕННОСТИ
Основное заглавие Абадзехи
Сведения, относящиеся к заглавию (Историко-этногр. очерк)
210 ## - ПУБЛИКАЦИЯ, РАСПРОСТРАНЕНИЕ И ДР.
Место издания, распространения и т.д. Тифлис
Имя издателя, распространителя и т. д. тип. К.П. Козловского
Дата издания, распространения и т.д. 1902
215 ## - ФИЗИЧЕСКАЯ ХАРАКТЕРИСТИКА
Специфическое обозначение материала и объем [2], 50 с.
Размеры 22
225 1# - СЕРИЯ
Основное заглавие серии Записки Кавказского отделения Русского географического общества
Обозначение тома Кн. 22, вып. 4
300 ## - ОБЩИЕ ПРИМЕЧАНИЯ
Текст примечания Перед загл. авт.: А.Н. Дьячков-Тарасов
700 #1 - ИМЯ ЛИЦА - ПЕРВИЧНАЯ ОТВЕТСТВЕННОСТЬ
Графика поля Кириллица
Материалы, к которым относится поле rus
Начальный элемент ввода Дьячков-Тарасов
Часть имени, кроме начального элемента ввода А. Н.
Дополнения к именам, кроме дат этнограф
Даты ок.1898-ок. 1943
Расширение инициалов личного имени Александр Николаевич
Системный номер авторитетной/нормативной записи 171749
Идентификатор авторитетной/нормативной записи RU\NLR\AUTH\770171799
790 #1 - ИМЯ ЛИЦА - АЛЬТЕРНАТИВНАЯ ФОРМА
Графика поля Кириллица
Материалы, к которым относится поле rus
Начальный элемент ввода Тарасов
Часть имени, кроме начального элемента ввода А. Н.
Дополнения к именам, кроме дат писатель
Даты ок.1898-ок. 1943
Расширение инициалов личного имени Александр Николаевич
Системный номер авторитетной/нормативной записи 171748
Идентификатор авторитетной/нормативной записи RU\NLR\AUTH\770171798
801 #0 - ИСТОЧНИК ЗАПИСИ
Страна Российская Федерация
Организация NLR
Правила каталогизации psbo
801 #1 - ИСТОЧНИК ЗАПИСИ
Страна Российская Федерация
Организация ProSoft-M
Источник данных rusmarc
852 ## - МЕСТОНАХОЖДЕНИЕ И ШИФР ХРАНЕНИЯ
Идентификатор организации NLR
Шифр хранения (Call Number) 1/164
942 ## - ДОПОЛНИТЕЛЬНЫЕ ЭЛЕМЕНТЫ ЗАПИСИ (АБИС)
Тип экземпляра АБИС Книга
980 ## - КОЛЛЕКЦИЯ
Название коллекции Национальная библиография
Экземпляры
Тип экземпляра Дата поступления Библиотека постоянного хранения Библиотека текущего хранения Место хранения Шифр хранения Штрих-код Статус экземпляра
Книга 26.10.2013 РНБ (Московский) РНБ (Московский) Зал русского журнального фонда, издания по 1950 включительно (до 2000 года) 1/164 4889423-10